Mongolian Provinces with a Map - Statistics

General Stats
  • This quiz has been taken 2,043 times
  • The average score is 10 of 22
Answers on the Map
Answers color-coded by a green-red scale on the quiz's map according to % correct below.
 
Answer Stats
Provinces % Correct
Ulaanbaatar
97%
Töv
54%
Uvs
48%
Dornod
46%
Selenge
46%
Govi-Altai
45%
Arkhangai
44%
Khovd
44%
Khentii
43%
Sükhbaatar
43%
Dornogovi
42%
Ömnögovi
41%
Bulgan
40%
Dundgobi
40%
Khövsgöl
40%
Orkhon
40%
Bayankhongor
39%
Darkhan-Uul
39%
Bayan-Ölgii
38%
Govisümber
37%
Zavkhan
36%
Övörkhangai
35%
No matching quizzes found
Score Distribution
Percent of People with Each Score
Percentile by Number Answered
Your Score History
You have not taken this quiz